[Event "2016 Redpath Mining Millionaire Chess Open"]
[Site "Old Ed’s Sports Complex, Houghton, Johannesburg"]
[Date "2016.07.17"]
[Round "12"]
[Board "4"]
[White "Mwale, Joseph"]
[Black "Hercules, Benjamin Vincent"]
[Result "1-0"]
[WhiteElo "2076"]
[BlackElo "2127"]
[PlyCount "0"]
[EventDate "2016.07.17"]
[EventRounds "15"]
[EventCountry "RSA"]

1. Nf3 {[%clk 0:15:19]} Nf6 2. g3 c5 {[%clk 0:15:25]} 3. Bg2 {[%clk 0:15:36]} g6
{[%clk 0:15:34]} 4. O-O {[%clk 0:15:44]} Bg7 {[%clk 0:15:43]} 5. c4
{[%clk 0:15:53]} Nc6 {[%clk 0:15:48]} 6. d4 {[%clk 0:16:00]} cxd4
{[%clk 0:15:56]} 7. Nxd4 {[%clk 0:16:08]} O-O {[%clk 0:16:01]} 8. Nc3
{[%clk 0:16:17]} Nxd4 {[%clk 0:16:08]} 9. Qxd4 {[%clk 0:16:25]} d6
{[%clk 0:16:16]} 10. Bg5 {[%clk 0:16:33]} Be6 {[%clk 0:15:24]} 11. Qd3
{[%clk 0:14:20]} Qa5 {[%clk 0:11:54]} 12. Bd2 {[%clk 0:13:05]} Qc7
{[%clk 0:11:54]} 13. b3 {[%clk 0:12:42]} a6 {[%clk 0:11:45]} 14. Rac1
{[%clk 0:12:50]} Rab8 {[%clk 0:11:33]} 15. Nd5 {[%clk 0:12:40]} Bxd5
{[%clk 0:11:38]} 16. cxd5 {[%clk 0:12:42]} Qd7 {[%clk 0:11:09]} 17. Rc2
{[%clk 0:12:04]} Rfc8 {[%clk 0:10:46]} 18. Rfc1 {[%clk 0:12:10]} Qd8
{[%clk 0:08:54]} 19. Bh3 {[%clk 0:11:44]} Rxc2 {[%clk 0:08:09]} 20. Rxc2
{[%clk 0:11:52]} h5 {[%clk 0:07:54]} 21. Qc4 {[%clk 0:10:58]} Ne8
{[%clk 0:04:59]} 22. b4 {[%clk 0:09:54]} Bf6 {[%clk 0:04:47]} 23. a4
{[%clk 0:09:39]} b5 {[%clk 0:04:22]} 24. axb5 {[%clk 0:09:42]} axb5
{[%clk 0:04:17]} 25. Qc6 {[%clk 0:09:45]} Kg7 {[%clk 0:04:09]} 26. e3
{[%clk 0:08:22]} Bg5 {[%clk 0:02:17]} 27. Bf1 {[%clk 0:08:01]} Rb6
{[%clk 0:01:58]} 28. Qc8 {[%clk 0:07:54]} Qxc8 {[%clk 0:02:07]} 29. Rxc8
{[%clk 0:08:02]} Nf6 {[%clk 0:02:15]} 30. h4 {[%clk 0:07:58]} Bh6
{[%clk 0:02:24]} 31. Bc3 {[%clk 0:08:01]} g5 {[%clk 0:02:18]} 32. Rc7
{[%clk 0:06:38]} Kf8 {[%clk 0:02:21]} 33. Bxf6 {[%clk 0:05:20]} exf6
{[%clk 0:02:29]} 34. Rc6 {[%clk 0:05:29]} Rb7 {[%clk 0:02:03]} 35. Rxd6
{[%clk 0:05:24]} Ke7 {[%clk 0:01:53]} 36. Ra6 {[%clk 0:05:11]} gxh4
{[%clk 0:01:26]} 37. d6+ {[%clk 0:04:43]} Ke6 {[%clk 0:00:57]} 38. Bh3+
{[%clk 0:04:41]} Kd5 {[%clk 0:00:54]} 39. Bg2+ {[%clk 0:04:48]} 1-0

[Event "2016 Redpath Mining Millionaire Chess Open"]
[Site "Old Ed’s Sports Complex, Houghton, Johannesburg"]
[Date "2016.07.17"]
[Round "13"]
[Board "1"]
[White "Makoto, Rodwell"]
[Black "De Abreu, Roberto N"]
[Result "1-0"]
[WhiteElo "2406"]
[BlackElo "2057"]
[PlyCount "0"]
[EventDate "2016.07.17"]
[EventRounds "15"]
[EventCountry "RSA"]

1. Nf3 {[%clk 0:03:02]} c5 {[%clk 0:03:03]} 2. c4 {[%clk 0:03:03]} Nc6
{[%clk 0:03:03]} 3. d4 {[%clk 0:03:04]} cxd4 {[%clk 0:03:04]} 4. Nxd4
{[%clk 0:03:05]} e6 {[%clk 0:03:05]} 5. g3 {[%clk 0:02:58]} Bc5 {[%clk 0:02:59]}
6. Nb3 {[%clk 0:02:48]} Be7 {[%clk 0:02:51]} 7. Bg2 {[%clk 0:02:48]} Nf6
{[%clk 0:02:50]} 8. Nc3 {[%clk 0:02:47]} d6 {[%clk 0:02:47]} 9. O-O
{[%clk 0:02:46]} a6 {[%clk 0:02:47]} 10. Bf4 {[%clk 0:02:35]} O-O
{[%clk 0:02:36]} 11. Qd2 {[%clk 0:02:33]} Qd7 {[%clk 0:02:25]} 12. Rfd1
{[%clk 0:02:31]} Rd8 {[%clk 0:02:24]} 13. Rac1 {[%clk 0:01:31]} b6
{[%clk 0:02:21]} 14. Be3 {[%clk 0:01:26]} Qc7 {[%clk 0:02:20]} 15. Nd5
{[%clk 0:01:25]} exd5 {[%clk 0:02:07]} 16. cxd5 {[%clk 0:01:26]} Bb7
{[%clk 0:01:57]} 17. dxc6 {[%clk 0:01:27]} Bc8 {[%clk 0:01:59]} 18. Nd4
{[%clk 0:01:13]} Be6 {[%clk 0:01:44]} 19. a4 {[%clk 0:00:55]} Ng4
{[%clk 0:01:32]} 20. Bf4 {[%clk 0:00:43]} Ne5 {[%clk 0:01:33]} 21. b4
{[%clk 0:00:39]} Ng6 {[%clk 0:01:08]} 22. Be3 {[%clk 0:00:37]} Bf6
{[%clk 0:00:59]} 23. a5 {[%clk 0:00:36]} bxa5 {[%clk 0:00:50]} 24. bxa5
{[%clk 0:00:37]} Rab8 {[%clk 0:00:47]} 25. Nxe6 {[%clk 0:00:38]} fxe6
{[%clk 0:00:49]} 26. Bb6 {[%clk 0:00:39]} Rxb6 {[%clk 0:00:49]} 27. axb6
{[%clk 0:00:40]} Qxb6 {[%clk 0:00:50]} 28. c7 {[%clk 0:00:41]} Rc8
{[%clk 0:00:52]} 29. Qxd6 {[%clk 0:00:42]} Qxd6 30. Rxd6 {[%clk 0:00:43]} Nf8
{[%clk 0:00:40]} 31. Bb7 {[%clk 0:00:43]} Be5 {[%clk 0:00:38]} 32. Bxc8
{[%clk 0:00:43]} Bxd6 {[%clk 0:00:40]} 33. Bxe6+ 1-0

[Event "2016 Redpath Mining Millionaire Chess Open"]
[Site "Old Ed’s Sports Complex, Houghton, Johannesburg"]
[Date "2016.07.17"]
[Round "14"]
[Board "1"]
[White "De Abreu, Roberto N"]
[Black "Makoto, Rodwell"]
[Result "1-0"]
[WhiteElo "2057"]
[BlackElo "2406"]
[PlyCount "0"]
[EventDate "2016.07.17"]
[EventRounds "15"]
[EventCountry "RSA"]

1. d4 {[%clk 0:03:03]} Nf6 {[%clk 0:03:00]} 2. c4 {[%clk 0:03:04]} e6
{[%clk 0:03:00]} 3. g3 {[%clk 0:03:06]} d5 {[%clk 0:03:02]} 4. Nf3
{[%clk 0:03:07]} dxc4 {[%clk 0:03:01]} 5. Bg2 {[%clk 0:03:07]} Bb4+
{[%clk 0:02:59]} 6. Bd2 {[%clk 0:03:08]} a5 {[%clk 0:02:58]} 7. O-O
{[%clk 0:03:04]} O-O {[%clk 0:02:55]} 8. Bg5 {[%clk 0:02:48]} h6 {[%clk 0:02:35]}
9. Bxf6 {[%clk 0:02:40]} Qxf6 {[%clk 0:02:36]} 10. Qc2 {[%clk 0:02:34]} b5
{[%clk 0:02:31]} 11. Ng5 {[%clk 0:02:31]} hxg5 {[%clk 0:02:30]} 12. Bxa8
{[%clk 0:02:32]} Qxd4 {[%clk 0:01:45]} 13. Bg2 {[%clk 0:02:14]} Be7
{[%clk 0:01:23]} 14. Nd2 {[%clk 0:02:14]} Bf6 {[%clk 0:01:19]} 15. Rab1
{[%clk 0:02:12]} g6 {[%clk 0:01:00]} 16. Rfd1 {[%clk 0:01:59]} Bg7
{[%clk 0:00:43]} 17. a4 {[%clk 0:01:53]} c6 {[%clk 0:00:40]} 18. Ne4
{[%clk 0:01:53]} Qe5 {[%clk 0:00:27]} 19. Nd6 {[%clk 0:01:51]} Ba6
{[%clk 0:00:03]} 20. e3 {[%clk 0:01:18]} Qc5 {[%clk 0:00:03]} 21. Ra1
{[%clk 0:01:07]} Qb4 {[%clk 0:00:03]} 22. axb5 {[%clk 0:00:43]} cxb5
{[%clk 0:00:04]} 23. Rab1 {[%clk 0:00:42]} 1-0

[Event "2016 Redpath Mining Millionaire Chess Open"]
[Site "Old Ed’s Sports Complex, Houghton, Johannesburg"]
[Date "2016.07.17"]
[Round "15"]
[Board "1"]
[White "De Abreu, Roberto N"]
[Black "Makoto, Rodwell"]
[Result "0-1"]
[WhiteElo "2057"]
[BlackElo "2406"]
[PlyCount "0"]
[EventDate "2016.07.17"]
[EventRounds "15"]
[EventCountry "RSA"]

1. d4 {[%clk 0:04:58]} Nf6 {[%clk 0:03:30]} 2. c4 {[%clk 0:04:57]} g6
{[%clk 0:03:28]} 3. Nc3 {[%clk 0:04:56]} d5 {[%clk 0:03:27]} 4. h4
{[%clk 0:04:55]} Bg7 {[%clk 0:03:23]} 5. cxd5 {[%clk 0:04:46]} Nxd5
{[%clk 0:03:21]} 6. h5 {[%clk 0:04:44]} c5 {[%clk 0:03:16]} 7. hxg6
{[%clk 0:04:04]} hxg6 {[%clk 0:03:12]} 8. Rxh8+ {[%clk 0:04:02]} Bxh8
{[%clk 0:03:11]} 9. e3 {[%clk 0:03:52]} Nc6 {[%clk 0:03:09]} 10. Qf3
{[%clk 0:03:48]} Be6 {[%clk 0:03:04]} 11. Bc4 {[%clk 0:03:40]} Ncb4
{[%clk 0:02:47]} 12. Bb5+ {[%clk 0:03:22]} Kf8 {[%clk 0:02:38]} 13. Ba4
{[%clk 0:03:09]} cxd4 {[%clk 0:02:36]} 14. Ne4 {[%clk 0:02:58]} Qa5
{[%clk 0:02:22]} 15. Bd2 {[%clk 0:02:37]} Qxa4 {[%clk 0:02:20]} 16. Ng5
{[%clk 0:02:35]} Qd7 {[%clk 0:02:06]} 17. Nxe6+ {[%clk 0:01:38]} Qxe6
{[%clk 0:02:04]} 18. Kf1 {[%clk 0:01:29]} dxe3 {[%clk 0:01:58]} 19. Bxb4
{[%clk 0:01:09]} Nxb4 {[%clk 0:01:44]} 20. Qxb7 {[%clk 0:01:07]} Qa6+
{[%clk 0:01:43]} 21. Qxa6 {[%clk 0:01:05]} Nxa6 {[%clk 0:01:42]} 22. fxe3
{[%clk 0:01:00]} Bxb2 {[%clk 0:01:40]} 23. Rb1 {[%clk 0:00:59]} Bf6
{[%clk 0:01:39]} 24. Rb7 {[%clk 0:00:58]} Nc5 {[%clk 0:01:35]} 25. Rc7
{[%clk 0:00:54]} Ne6 {[%clk 0:01:30]} 26. Rb7 {[%clk 0:00:53]} a5
{[%clk 0:01:29]} 27. Nf3 {[%clk 0:00:52]} a4 {[%clk 0:01:28]} 28. Nd2
{[%clk 0:00:50]} a3 {[%clk 0:01:24]} 29. Rb3 {[%clk 0:00:48]} Nc5
{[%clk 0:01:20]} 30. Rb5 {[%clk 0:00:44]} Na4 {[%clk 0:01:18]} 31. e4
{[%clk 0:00:35]} Nc3 {[%clk 0:01:16]} 32. Rc5 {[%clk 0:00:32]} Nxa2
{[%clk 0:01:11]} 33. e5 {[%clk 0:00:32]} Bg5 {[%clk 0:01:10]} 34. Ne4
{[%clk 0:00:24]} Nb4 {[%clk 0:00:59]} 35. Nc3 {[%clk 0:00:14]} a2
{[%clk 0:00:55]} 36. Nxa2 {[%clk 0:00:13]} Nxa2 {[%clk 0:00:54]} 37. e6
{[%clk 0:00:13]} f5 {[%clk 0:00:53]} 38. Rc7 {[%clk 0:00:11]} Nb4
{[%clk 0:00:46]} 39. Kg1 {[%clk 0:00:10]} Nd5 {[%clk 0:00:42]} 40. Rd7
{[%clk 0:00:10]} Nf6 {[%clk 0:00:34]} 41. Rc7 {[%clk 0:00:09]} Ng4
{[%clk 0:00:31]} 42. Kf1 {[%clk 0:00:08]} Ra2 {[%clk 0:00:29]} 43. Ke1
{[%clk 0:00:07]} Ne3 {[%clk 0:00:22]} 44. Rc8+ {[%clk 0:00:07]} Kg7
{[%clk 0:00:21]} 45. Re8 {[%clk 0:00:05]} Bh4+ {[%clk 0:00:20]} 0-1